| 000 | 00803nam a2200181Ia 4500 | ||
|---|---|---|---|
| 008 | 151202s9999||||xx |||||||||||||| ||und|| | ||
| 082 | _bPNVM-46690 | ||
| 100 | _aतुळपुळे शं.गो. | ||
| 245 | _aमराठी वाङ्मयाचा इतिहास-खं-1(1350 पर्यंत). | ||
| 260 | _b"महाराष्ट्र साहित्य परिषद,पुणे." | ||
| 260 | _c1975 | ||
| 300 | _a824 | ||
| 600 | _aतुळपुळे शं.गो. | ||
| 630 | _aमराठी वाङ्मयाचा इतिहास-खं-1(1350 पर्यंत). | ||
| 700 | _aतुळपुळे शं.गो. | ||
| 730 | _aमराठी वाङ्मयाचा इतिहास-खं-1(1350 पर्यंत). | ||
| 942 | _cBOOK | ||
| 999 |
_c1312640 _d1312637 |
||